Dust and other short stories from Goa (Record no. 160301)

MARC details
000 -LEADER
fixed length control field 00418nam a22001697a 4500
005 - DATE AND TIME OF LATEST TRANSACTION
control field 20190124154617.0
010 ## - LCCN (DPL NO)
LC control number B-085677
020 ## - INTERNATIONAL STANDARD BOOK NUMBER
Terms of availability 250.00
035 ## - SYSTEM CONTROL NUMBER
System control number B-085677
037 ## - SOURCE OF ACQUISITION
Source of stock number/acquisition Heritage Network
082 ## - DEWEY DECIMAL CLASSIFICATION NUMBER
Classification number S
100 ## - MAIN ENTRY--PERSONAL NAME
Personal name Pandit, Heta
245 ## - TITLE STATEMENT
Title Dust and other short stories from Goa
Statement of responsibility, etc Heta Pandit
260 ## - PUBLICATION, DISTRIBUTION, ETC. (IMPRINT)
Place of publication, distribution, etc Goa
Name of publisher, distributor, etc Heritage Network
Date of publication, distribution, etc 2002
300 ## - PHYSICAL DESCRIPTION
Extent 231p.
Dimensions 22cm(pbk)
942 ## - ADDED ENTRY ELEMENTS (KOHA)
Source of classification or shelving scheme Dewey Decimal Classification
Item type English Books
Classification part S
Call number suffix PAN
Holdings
Withdrawn status Lost status Not for loan Collection code Home library Current library Date acquired Full call number Barcode Koha item type Public note
      Fiction Sarojini Nagar Sarojini Nagar 24/01/2019 S PAN B-085677 English Books Withdrawn List Prepared L.No.17/23

© Delhi Public Library
Hit Counter
free hit counter